Sports Quiz

Random Sports or Auto Racing Quiz

NASCAR Modern Era Winners Quiz Stats

 Plays Quiz not verified by Sporcle

Challenge
Share
Tweet
Embed
Score 0/87 Timer 15:00
3 Plays Today
Wins Driver % Correct
92*Jeff Gordon
98.4%
25*Dale Earnhardt, Jr.
98.1%
76Dale Earnhardt
97.9%
74*Jimmie Johnson
97.4%
3Robby Gordon
96.1%
60Richard Petty
94.6%
33*Kyle Busch
94.3%
27*Kurt Busch
94.2%
8Kyle Petty
94.1%
48*Tony Stewart
93.7%
84Darrell Waltrip
92.9%
4*Michael Waltrip
92.4%
40Mark Martin
91.9%
55Rusty Wallace
89%
22Terry Labonte
88.9%
21*Bobby Labonte
88.8%
32*Matt Kenseth
87.4%
55Bobby Allison
86.7%
19Davey Allison
86.6%
4Donnie Allison
86%
30*Kevin Harvick
85.7%
24*Carl Edwards
85.4%
44Bill Elliott
85.2%
21*Jeff Burton
83.3%
32Dale Jarrett
83.1%
5Ward Burton
82.8%
69Cale Yarborough
82.8%
17*Ryan Newman
81.9%
19*Greg Biffle
81.2%
Wins Driver % Correct
17*Kasey Kahne
80.8%
25*Denny Hamlin
80.1%
9*Joey Logano
78.6%
2Juan Pablo Montoya
78.3%
17*Brad Keselowski
78.3%
10Sterling Marlin
77.5%
7*Jamie McMurray
77%
45David Pearson
76.6%
23Ricky Rudd
75.5%
3*Martin Truex, Jr.
71.7%
1*Casey Mears
71.7%
8*Clint Bowyer
71.2%
5Alan Kulwicki
70.2%
1*AJ Allmendinger
70.2%
18Geoffrey Bodine
68.2%
3Elliott Sadler
68.1%
1Brett Bodine
68.1%
20Benny Parsons
67.9%
1Phil Parsons
67.3%
3*Brian Vickers
67%
1*Aric Almirola
66.7%
4*Joe Nemechek
65.8%
4Ken Schrader
65.1%
5Jeremy Mayfield
65%
1*Trevor Bayne
64.9%
2John Andretti
64.8%
15Ernie Irvan
63.1%
2Ricky Craven
63.1%
2Derrike Cope
62.8%
Wins Driver % Correct
4Bobby Hamilton
62.6%
1*Regan Smith
61.8%
18Harry Gant
61.3%
2David Reutimann
60.6%
2Steve Park
60.5%
2Jimmy Spencer
56.9%
2*David Ragan
56.6%
13Tim Richmond
56.1%
1Johnny Benson, Jr.
55.4%
15Buddy Baker
53.7%
2Marcos Ambrose
53.6%
4Morgan Shepherd
52.8%
1Jerry Nadeau
52.5%
1Lake Speed
51.8%
1*Paul Menard
51.5%
18Neil Bonnett
49.9%
2A.J. Foyt
47.8%
5Dave Marcis
46%
1Bobby Hillin, Jr.
40.7%
1Greg Sacks
40.5%
1Bobby Isaac
37.5%
1Ron Bouchard
36.8%
1Lennie Pond
28.8%
1Jody Ridley
28.6%
1James Hylton
27.2%
1Dick Brooks
24.1%
1Earl Ross
20.8%
1Mark Donohue
20.8%
1Ray Elder
14.4%

You're not logged in!

Compare scores with friends on all Sporcle quizzes.
Join for Free
OR
Log In

You Might Also Like...

Show Comments

Extras

Top Quizzes Today


Score Distribution

Your Account Isn't Verified!

In order to create a playlist on Sporcle, you need to verify the email address you used during registration. Go to your Sporcle Settings to finish the process.

Report this User

Report this user for behavior that violates our Community Guidelines.

Details: